000 00726nam a2200193 a 4500
005 20210223120558.0
008 991125s1992 mx 000 0 spa u
035 _aUPN01000003547
049 _aC
050 4 _aHA767 M8
_bA5 1992
110 2 _aInstituto Nacional de Estadística, Geografía e Informática (México)
245 1 0 _aAnuario estadístico del Estado de Morelos :
_bedición 1992 /
_cInstituto Nacional de Estadística, Geografía e Informática.
260 _aMéxico :
_bGobierno del Estado de Morelos :
_bINEGI,
_c1992.
300 _a210 p.
651 4 _aMORELOS -
_vCENSOS
_917777
651 4 _aMORELOS -
_vESTADISTICA -
_vANUARIOS
_913323
651 4 _aMORELOS -
_xPOBLACION -
_vESTADISTICA
_913278
905 _aLibro
999 _c3547
_d3547